[Event "EUR-chT Seniors 65"]
[Site "Prague"]
[Date "2021.09.05"]
[Round "7.1"]
[White "Jeute, Peter"]
[Black "Lomer, Edmund"]
[Result "0-1"]
[WhiteElo "1866"]
[BlackElo "2013"]
[PlyCount "84"]
[EventDate "2021.08.30"]
[EventType "team-swiss"]
[EventRounds "9"]
[EventCountry "CZE"]
[SourceTitle "CBM 204 Extra"]
[Source "ChessBase"]
[SourceDate "2021.11.30"]
[SourceVersion "1"]
[SourceVersionDate "2021.11.30"]
[SourceQuality "1"]
[WhiteTeam "Dresden Springer 65"]
[BlackTeam "Germany North 65"]
[WhiteTeamCountry "GER"]
[BlackTeamCountry "GER"]

1. d4 Nf6 2. Nf3 e6 3. e3 b6 4. Bd3 Bb7 5. 0-0 Be7 6. Nbd2 0-0 7. e4 d6 8. b3 Nbd7 9. Bb2 c5 10. c3 Rc8 11. Qe2 Rc7 12. c4 cxd4 13. Nxd4 a6 14. N4f3 Qa8 15. Rfe1 Rd8 16. Rad1 Nf8 17. Qe3 N6d7 18. Bd4 Nc5 19. Bb1 a5 20. a3 e5 21. Bb2 Ng6 22. Nf1 Qc8 23. Ng3 Nf4 24. Nf5 Qe6 25. Nxe7+ Qxe7 26. Rd2 Rcd7 27. Red1 Bc6 28. b4 axb4 29. axb4 Na4 30. b5 Nxb2 31. Rxb2 Bb7 32. g3 Ne6 33. Qxb6 Nc5 34. Re2 Na4 35. Qe3 Rc7 36. Qb3 Nc5 37. Qc3 h6 38. Nd2 Ne6 39. Nb3 Rdc8 40. Bd3 Ng5 41. Re3 Qf6 42. h4 Nh3+ 0-1

[Event "EUR-chT Seniors 65"]
[Site "Prague"]
[Date "2021.09.04"]
[Round "6.1"]
[White "Lomer, Edmund"]
[Black "Fiser, Jiri1111"]
[Result "1/2-1/2"]
[WhiteElo "2013"]
[BlackElo "1815"]
[PlyCount "112"]
[EventDate "2021.08.30"]
[EventType "team-swiss"]
[EventRounds "9"]
[EventCountry "CZE"]
[SourceTitle "CBM 204 Extra"]
[Source "ChessBase"]
[SourceDate "2021.11.30"]
[SourceVersion "1"]
[SourceVersionDate "2021.11.30"]
[SourceQuality "1"]
[WhiteTeam "Germany North 65"]
[BlackTeam "Roztoky Caissa 65"]
[WhiteTeamCountry "GER"]
[BlackTeamCountry "CZE"]

1. Nf3 f5 2. g3 Nf6 3. d4 d5 4. Bg2 e6 5. 0-0 Bd6 6. c4 c6 7. Qb3 0-0 8. Bg5 h6 9. Bxf6 Qxf6 10. e3 Nd7 11. Nc3 g5 12. Rad1 Kg7 13. a3 b6 14. Rfe1 Ba6 15. cxd5 exd5 16. Qa4 Nb8 17. Ne5 Bb7 18. Nd3 Qf7 19. b4 a6 20. Qb3 Nd7 21. Qb2 Rae8 22. a4 Re7 23. b5 cxb5 24. axb5 a5 25. Qb3 Nf6 26. Na4 Bc7 27. Ne5 Qe6 28. Rc1 Bxe5 29. dxe5 Ne4 30. Bxe4 fxe4 31. Qc3 Qxe5 32. Nxb6 Qxc3 33. Rxc3 Rf6 34. Na4 Ref7 35. Re2 Rd6 36. Rd2 Kf6 37. Kf1 Ke5 38. Ke1 h5 39. Rdc2 d4 40. Rc5+ Ke6 41. exd4 Rxd4 42. R5c4 Rxc4 43. Rxc4 Bd5 44. Rc8 h4 45. gxh4 gxh4 46. Rh8 Kd6 47. Rxh4 Rf3 48. Rh6+ Kc7 49. Ra6 e3 50. fxe3 Rxe3+ 51. Kf2 Rf3+ 52. Ke2 Rh3 53. Ke1 Rxh2 54. Rxa5 Ra2 55. b6+ Kb8 56. Rxd5 Rxa4 1/2-1/2

[Event "GER-ch Seniors 65"]
[Site "Hamburg"]
[Date "2018.07.21"]
[Round "1"]
[White "Sauer, Helmut"]
[Black "Lomer, Edmund"]
[Result "0-1"]
[WhiteElo "1726"]
[BlackElo "2043"]
[PlyCount "122"]
[EventDate "2018.07.21"]
[EventType "swiss"]
[EventRounds "9"]
[EventCountry "GER"]
[SourceTitle "CBM 186 Extra"]
[Source "ChessBase"]
[SourceDate "2018.08.24"]
[SourceVersion "1"]
[SourceVersionDate "2018.08.24"]
[SourceQuality "1"]

1. e4 d5 2. exd5 Qxd5 3. Nc3 Qa5 4. g3 c6 5. Bg2 Nf6 6. d3 g6 7. Bd2 Qb6 8. Qc1 Bg7 9. Be3 Qc7 10. Nf3 0-0 11. Qd2 Bg4 12. Bf4 Qb6 13. Na4 Qd8 14. Ne5 Nbd7 15. Nxg4 Nxg4 16. h3 Ngf6 17. Bh6 Bxh6 18. Qxh6 Qa5+ 19. Nc3 Qb4 20. Kd2 Nd5 21. Bxd5 cxd5 22. a3 Qc5 23. Ne2 Qxf2 24. Rhf1 Qb6 25. Qe3 e5 26. Qxb6 Nxb6 27. b3 f5 28. a4 d4 29. c4 dxc3+ 30. Nxc3 Rad8 31. Ke3 Nd5+ 32. Nxd5 Rxd5 33. Rfd1 Rc8 34. Rac1 Rdc5 35. Rc4 Kf7 36. Rdc1 b6 37. Rxc5 Rxc5 38. Rc4 Ke6 39. d4 Rxc4 40. bxc4 exd4+ 41. Kxd4 Kd6 42. g4 f4 43. g5 f3 44. Ke3 Kc5 45. Kxf3 Kxc4 46. h4 b5 47. axb5 Kxb5 48. Kg4 a5 49. h5 a4 50. hxg6 hxg6 51. Kf4 a3 52. Ke5 a2 53. Kf6 a1Q+ 54. Kxg6 Kc6 55. Kh7 Qh1+ 56. Kg7 Kd7 57. g6 Ke8 58. Kg8 Qd5+ 59. Kh7 Qf5 60. Kh8 Qh5+ 61. Kg7 Ke7 0-1

[Event "Hessen-ch Seniors op 11th"]
[Site "Bad Sooden-Allendorf"]
[Date "2015.05.09"]
[Round "1"]
[White "Samarian, Cornel"]
[Black "Lomer, Edmund"]
[Result "0-1"]
[WhiteElo "1720"]
[BlackElo "2049"]
[PlyCount "154"]
[EventDate "2015.05.09"]
[EventType "swiss"]
[EventRounds "9"]
[EventCountry "GER"]
[SourceTitle "EXT 2018"]
[Source "ChessBase"]
[SourceDate "2017.10.13"]
[SourceVersion "1"]
[SourceVersionDate "2017.10.13"]
[SourceQuality "1"]

1. d4 Nf6 2. c4 e6 3. Nc3 Bb4 4. Bd2 0-0 5. Nf3 b6 6. g3 Bb7 7. Bg2 d6 8. 0-0 Nbd7 9. Rc1 Bxc3 10. Bxc3 Be4 11. Ng5 Bxg2 12. Kxg2 Qe7 13. Qc2 e5 14. dxe5 Nxe5 15. h3 Rae8 16. Rce1 Qd7 17. b3 h6 18. Nf3 Qc6 19. Bxe5 Rxe5 20. Kh2 Re4 21. Nd2 Re7 22. Qf5 Rfe8 23. Qd3 Qc5 24. e3 Qh5 25. Kg2 Qa5 26. a4 Nd7 27. Re2 Qc5 28. Ree1 Qb4 29. Re2 Nc5 30. Qc2 Ne6 31. Qb2 Qc5 32. Ree1 Qf5 33. Qc1 Qh5 34. Qd1 Qg5 35. h4 Qg6 36. Qc1 f5 37. Kh2 Qf6 38. Qa1 Qf7 39. Qd1 Nc5 40. Qb1 Nd7 41. Kg2 Ne5 42. Qc2 Ng6 43. Qd1 d5 44. Qc1 c5 45. Qa1 Ne5 46. Qc3 Nc6 47. Nf3 Qe6 48. Rd1 dxc4 49. Qxc4 Qxc4 50. bxc4 Na5 51. Rc1 Rd8 52. Rc2 Red7 53. Rfc1 Rd1 54. Ne5 Rxc1 55. Rxc1 Rd2 56. Kf1 Ra2 57. Rd1 Kf8 58. Rd8+ Ke7 59. Ra8 Ke6 60. f4 Rxa4 61. Rxa7 g5 62. Rh7 gxf4 63. exf4 Nxc4 64. Rxh6+ Ke7 65. Nxc4 Rxc4 66. Rxb6 Rc2 67. Kg1 c4 68. h5 Kf7 69. h6 c3 70. Rc6 Rc1+ 71. Kg2 Kg8 72. Rc5 c2 73. Kf2 Rh1 74. Kg2 c1Q 75. Rxc1 Rxc1 76. Kf3 Rc3+ 77. Kf2 Kh7 0-1

[Event "Schleswig Holstein-ch Seniors op"]
[Site "Buesum"]
[Date "2014.09.30"]
[Round "6"]
[White "Krotofil, Kurt"]
[Black "Lomer, Edmund"]
[Result "1-0"]
[WhiteElo "1954"]
[BlackElo "2067"]
[PlyCount "67"]
[EventDate "2014.09.25"]
[EventType "swiss"]
[EventRounds "9"]
[EventCountry "GER"]
[SourceTitle "EXT 2018"]
[Source "ChessBase"]
[SourceDate "2017.10.13"]
[SourceVersion "1"]
[SourceVersionDate "2017.10.13"]
[SourceQuality "1"]

1. d4 Nf6 2. c4 e6 3. Nc3 Bb4 4. Qc2 b6 5. Nf3 Bb7 6. Bg5 0-0 7. e3 h6 8. Bh4 d6 9. Bd3 Nbd7 10. 0-0-0 Bxc3 11. Qxc3 Qe8 12. Nd2 Rc8 13. e4 c5 14. d5 e5 15. f3 Nh5 16. Nf1 a6 17. Ne3 g6 18. Ng4 Kh7 19. Qd2 Nf4 20. Bc2 g5 21. Bg3 h5 22. Ne3 h4 23. Nf5 Nf6 24. Bxf4 gxf4 25. Qf2 Kg6 26. Nxh4+ Kg5 27. Nf5 Rh8 28. g3 Nh5 29. gxf4+ Kg6 30. Qg2+ Kh7 31. Qg5 f6 32. Qh6+ Kg8 33. Rhg1+ Kf7 34. Rg7+ 1-0

[Event "Schleswig Holstein-ch Seniors op"]
[Site "Buesum"]
[Date "2014.09.29"]
[Round "5"]
[White "Juergens, Peter1111"]
[Black "Lomer, Edmund"]
[Result "1/2-1/2"]
[WhiteElo "1978"]
[BlackElo "2067"]
[PlyCount "75"]
[EventDate "2014.09.25"]
[EventType "swiss"]
[EventRounds "9"]
[EventCountry "GER"]
[SourceTitle "EXT 2018"]
[Source "ChessBase"]
[SourceDate "2017.10.13"]
[SourceVersion "1"]
[SourceVersionDate "2017.10.13"]
[SourceQuality "1"]

1. d4 Nf6 2. Nf3 g6 3. Bf4 d6 4. e3 Bg7 5. Be2 0-0 6. 0-0 Nh5 7. Bg5 Re8 8. c3 Nc6 9. a4 a5 10. Na3 Nf6 11. h3 Bd7 12. Bf4 e5 13. Bh2 exd4 14. exd4 Ne4 15. Bd3 Ng5 16. Nb5 Rc8 17. Bf4 Nxf3+ 18. Qxf3 Qf6 19. Qg3 h6 20. Rfe1 Ne7 21. Bd2 Nf5 22. Qf3 c6 23. Na3 Be6 24. Bc4 d5 25. Bd3 Bd7 26. Nc2 h5 27. Rxe8+ Rxe8 28. Re1 Rxe1+ 29. Nxe1 Qe7 30. Nc2 Bf6 31. Qe2 Qd8 32. Ne3 Nd6 33. Nd1 Bg5 34. Bxg5 Qxg5 35. Qe3 Qd8 36. Qe5 Bf5 37. Bxf5 Nxf5 38. Ne3 1/2-1/2

[Event "Schleswig Holstein-ch Seniors op"]
[Site "Buesum"]
[Date "2014.09.25"]
[Round "1"]
[White "Lomer, Edmund"]
[Black "Jung, Michael"]
[Result "1-0"]
[WhiteElo "2067"]
[BlackElo "1773"]
[PlyCount "89"]
[EventDate "2014.09.25"]
[EventType "swiss"]
[EventRounds "9"]
[EventCountry "GER"]
[SourceTitle "EXT 2018"]
[Source "ChessBase"]
[SourceDate "2017.10.13"]
[SourceVersion "1"]
[SourceVersionDate "2017.10.13"]
[SourceQuality "1"]

1. Nf3 Nf6 2. g3 d5 3. Bg2 c6 4. 0-0 Nbd7 5. d4 e6 6. Nbd2 Be7 7. c4 0-0 8. Qc2 Qc7 9. Rd1 b6 10. cxd5 exd5 11. e4 dxe4 12. Ng5 Bb7 13. Ndxe4 Nxe4 14. Nxe4 Rac8 15. Bf4 Qd8 16. Rac1 Re8 17. Qa4 a6 18. Qb3 Nf6 19. Nc3 Nd5 20. Nxd5 cxd5 21. Rxc8 Qxc8 22. Qxb6 Bd8 23. Qb3 Qd7 24. Be5 h6 25. h4 f6 26. Bf4 Kh8 27. Be3 Bc6 28. Rc1 a5 29. Qc2 Bb5 30. Qg6 Re7 31. Kh2 a4 32. b3 axb3 33. axb3 Qb7 34. Qf5 Bc6 35. b4 Rd7 36. Qe6 Rc7 37. Bf4 Rc8 38. Bxd5 Bxd5 39. Qxc8 Qb6 40. Bc7 Qxd4 41. Qxd8+ Kh7 42. Bb6 Qe4 43. Rg1 Be6 44. Qd1 Qf5 45. Qb1 1-0

[Event "GER-chA Seniors 26th"]
[Site "Bad Neuenahr"]
[Date "2014.08.13"]
[Round "9"]
[White "Reimann, Guenther"]
[Black "Lomer, Edmund"]
[Result "1/2-1/2"]
[WhiteElo "1932"]
[BlackElo "2099"]
[PlyCount "106"]
[EventDate "2014.08.05"]
[EventType "swiss"]
[EventRounds "9"]
[EventCountry "GER"]
[SourceTitle "EXT 2018"]
[Source "ChessBase"]
[SourceDate "2017.10.13"]
[SourceVersion "1"]
[SourceVersionDate "2017.10.13"]
[SourceQuality "1"]

1. c4 e5 2. Nf3 Nc6 3. d3 Bb4+ 4. Bd2 Bxd2+ 5. Nbxd2 Nf6 6. g3 d6 7. Bg2 0-0 8. 0-0 Qe7 9. Re1 a5 10. b3 Bd7 11. a3 Rfe8 12. Qc2 Bf5 13. Nh4 Bg4 14. h3 Bh5 15. e3 Qd7 16. Kh2 g5 17. Nhf3 h6 18. Qc3 Bg6 19. b4 Nh5 20. b5 Nd8 21. Nf1 f5 22. a4 f4 23. g4 Ng7 24. exf4 gxf4 25. Nh4 Bh7 26. Be4 Bxe4 27. dxe4 Nde6 28. Nf5 Kh7 29. Nd2 b6 30. Rg1 Rg8 31. Nf3 Raf8 32. Rad1 Qe8 33. N3h4 Ng5 34. Qd3 Qf7 35. Nxg7 Rxg7 36. Nf5 Rg6 37. h4 Ne6 38. Rg2 Rfg8 39. Rdg1 f3 40. Rg3 Nd4 41. Nxd4 exd4 42. Rxf3 Qe6 43. Rfg3 Qf6 44. h5 Qh4+ 45. Kg2 Rxg4 46. e5+ Kh8 47. exd6 cxd6 48. Rh1 Qe7 49. Rhh3 Qe5 50. Rxg4 Rxg4+ 51. Rg3 Qxh5 52. Qf3 Rxg3+ 53. fxg3 Qc5 1/2-1/2

[Event "Schleswig Holstein-ch Seniors"]
[Site "Leck"]
[Date "2014.04.13"]
[Round "2"]
[White "Dittmann, Hans Adolf"]
[Black "Lomer, Edmund"]
[Result "1/2-1/2"]
[WhiteElo "2170"]
[BlackElo "2080"]
[PlyCount "166"]
[EventDate "2014.04.12"]
[EventType "swiss"]
[EventRounds "9"]
[EventCountry "GER"]
[SourceTitle "EXT 2018"]
[Source "ChessBase"]
[SourceDate "2017.10.13"]
[SourceVersion "1"]
[SourceVersionDate "2017.10.13"]
[SourceQuality "1"]

1. d4 Nf6 2. Bf4 d5 3. e3 g6 4. Nc3 c6 5. h4 Bg7 6. h5 Nxh5 7. Rxh5 gxh5 8. Qxh5 Nd7 9. Qh2 Nf6 10. Bc7 Qd7 11. f3 h5 12. 0-0-0 h4 13. e4 dxe4 14. d5 0-0 15. Be5 Qf5 16. Bd4 cxd5 17. Qxh4 e5 18. fxe4 dxe4 19. Bc5 Be6 20. Bxf8 Rxf8 21. Nh3 a6 22. Be2 Qg6 23. Rh1 Qh6+ 24. Ng5 Qxh4 25. Rxh4 Bf5 26. Ngxe4 Rd8 27. Bd3 Nxe4 28. Nxe4 Kf8 29. Rh1 Bg6 30. g4 Rd4 31. Re1 b6 32. Kd2 a5 33. c3 Rd7 34. Kc2 Ke7 35. Re2 Kd8 36. a3 Kc7 37. b4 axb4 38. axb4 Rd8 39. Re1 Ra8 40. Kb3 Ra7 41. Nf2 Bxd3 42. Nxd3 f6 43. g5 Kd6 44. gxf6 Bxf6 45. Nf2 Bh4 46. Rd1+ Ke6 47. Ne4 Be7 48. Kc4 Rd7 49. Rxd7 Kxd7 50. Kd5 Kc7 51. b5 Bf8 52. Nd2 Bh6 53. Nc4 Bf4 54. Nxe5 Be3 55. Nc6 Bf2 56. Nd4 Be1 57. c4 Bf2 58. Ne6+ Kb7 59. Kd6 Bg3+ 60. Kd7 Bf2 61. Nd8+ Ka7 62. Kc6 Be3 63. Nf7 Bf2 64. Ne5 Bg1 65. Nf7 Bf2 66. Nd6 Kb8 67. Ne4 Bd4 68. Kd7 Be3 69. Nc3 Kb7 70. Nd5 Bf2 71. Nb4 Bg1 72. Nc6 Bf2 73. Nd8+ Ka7 74. Kc7 Be3 75. Kc8 Bf2 76. Ne6 Bg1 77. Nf8 Bf2 78. Nd7 Bg1 79. c5 bxc5 80. b6+ Ka6 81. b7 Bh2 82. Nxc5+ Ka7 83. Ne6 Kb6 1/2-1/2